Представление документа в формате MARC21

Поле Инд. ПП Название Значение
Тип записи a
Библиографический уровень b
001 Контрольный номер UNIDUBNAbf637a4c267f466f96dcb2a36c8da5a0
005 Дата корректировки 20250226172014.1
008 Кодируемые данные 20170331
040 b Код языка каталог. rus
e Правила каталог. PSBO
041 0_ a Код языка текста rus
084 a Индекс другой классификации/Индекс ББК 74.005.22; 60.99-3
100 1_ a Автор Гущина Т. И.
q Полное имя Гущина Татьяна Ивановна
245 10 a Заглавие Волонтерская деятельность студентов по гражданско-патриотическому воспитанию детей и молодежи как инструмент первичной профилактики правонарушений несовершеннолетних
520 0_ a Аннотация Статья посвящена использованию потенциала гражданско-патриотического воспитания в деятельности волонтеров по профилактике правонарушений среди несовершеннолетних. Рассмотрены основные компоненты этой работы: образовательный, практико-ориентированный на целевую группу и обобщающий.
650 14 a Основная рубрика воспитание
a Основная рубрика социальная работа
653 0_ a Ключевые слова волонтерство
a Ключевые слова гражданское воспитание
a Ключевые слова молодежь
a Ключевые слова некоммерческие организации (НКО)
a Ключевые слова несовершеннолетние
a Ключевые слова патриотическое воспитание
a Ключевые слова профилактика правонарушений
a Ключевые слова социальное партнерство
a Ключевые слова социальный проект
a Ключевые слова студенты-педагоги
773 08 t Заглавие источника Отечественный журнал социальной работы
d Дата издания источника 2021
g Прочая информация № 4. - С. 108 - 111
w Контрольный № источника UNIDUBNAccfe7b06e42c465b9d2bcff6f460f4e0
901 t Тип документа b